LEADER 01548nam0 2200361 i 450 001 SUN0123383 005 20200318103605.802 010 $d0.00 017 70$2N$a9788132236559 100 $a20190919d2017 |0engc50 ba 101 $aeng 102 $aIN 105 $a|||| ||||| 200 1 $a*EMR/ESR/EPR Spectroscopy for Characterization of Nanomaterials$fAshutosh Kumar Shukla 205 $aNew Delhi : Springer, 2017 210 $aXI$d179 p.$cill. ; 24 cm 215 $aPubblicazione in formato elettronico 410 1$1001SUN0107736$12001 $a*Advanced structured materials$v62$1210 $aHeidelberg$cSpringer. 620 $aIN$dNew Delhi$3SUNL001098 676 $a543.65$cSpettrometria di massa. Spettroscopia di massa$v22 676 $a620.5$cNanotecnologia$v22 676 $a620.1$cScienza dei materiali$v22 676 $a615.580724$cRicerca sperimentale (Sperimentazioni cliniche di farmaci)$v22 700 1$aShukla$b, Ashutosh K.$3SUNV094783$0766761 712 $aSpringer$3SUNV000178$4650 790 1$aShukla, Ashutosh Kumar$zShukla, Ashutosh K.$3SUNV094784 790 1$aShukla, A. K.$zShukla, Ashutosh K.$3SUNV103498 801 $aIT$bSOL$c20200921$gRICA 856 4 $uhttps://link.springer.com/book/10.1007%2F978-81-322-3655-9#toc 912 $aSUN0123383 950 $aUFFICIO DI BIBLIOTECA DEL DIPARTIMENTO DI SCIENZE E TECNOLOGIE AMBIENTALI BIOLOGICHE E FARMACEUTICHE$d17CONS e-book 2111 $e17BIB2111 59 20190919 996 $aEMR$91560455 997 $aUNICAMPANIA LEADER 01878oas 2200577 a 450 001 9910692198203321 005 20230202124841.0 035 $a(CKB)5470000002351448 035 9 $aocm53307891 035 $a(OCoLC)53307891$z(OCoLC)1098809832$z(OCoLC)1296842580$z(OCoLC)1296866696 035 $a(EXLCZ)995470000002351448 100 $a20031029b19982004 sa 101 0 $aeng 135 $aur||||||||||| 181 $ctxt$2rdacontent 182 $cc$2rdamedia 183 $acr$2rdacarrier 200 00$aCurrent industrial reports$hMA335A$iSwitchgear, switchboard apparatus, relays, and industrial controls 210 $aWashington, D.C. $cU.S. Census Bureau$d[2000]-2005 215 $a1 online resource (volumes) 517 1 $aSwitchgear, switchboard apparatus, relays, and industrial controls 606 $aElectric switchgear industry$zUnited States$vStatistics$vPeriodicals 606 $aElectric switchgear$vStatistics$vPeriodicals 606 $aTelephone switchboards$vStatistics$vPeriodicals 606 $aElectric switchgear$2fast 606 $aElectric switchgear industry$2fast 606 $aTelephone switchboards$2fast 607 $aUnited States$2fast 608 $aPeriodicals.$2fast 608 $aStatistics.$2fast 608 $aStatistics.$2lcgft 615 0$aElectric switchgear industry 615 0$aElectric switchgear 615 0$aTelephone switchboards 615 7$aElectric switchgear. 615 7$aElectric switchgear industry. 615 7$aTelephone switchboards. 712 02$aU.S. Census Bureau. 801 0$bGPO 801 1$bGPO 801 2$bOCLCQ 801 2$bOCLCF 801 2$bOCLCO 801 2$bOCLCQ 801 2$bGILDS 801 2$bOCLCQ 801 2$bGPO 906 $aDOCUMENT 912 $a9910692198203321 996 $aCurrent industrial reports$93099315 997 $aUNINA